15 Largest Cities in Spain🇪🇸 - Statistics

General Stats
  • This quiz has been taken 98 times
    77 since last reset
  • The average score is 12 of 15
Answer Stats
City Population % Correct
1.6 mil Barcelona
100%
3.2 mil Madrid
100%
814k Valencia
98%
703k Seville
95%
354k Bilbao
87%
568k Malaga
87%
401k Palma
81%
674k Zaragoza
81%
436k Murcia
75%
334k Alicante
71%
381k Las Palmas
71%
328k Cordoba
70%
297k Vigo
70%
317k Valladolid
65%
277k Gijon
63%
No matching quizzes found
Score Distribution
Percent of People with Each Score
Percentile by Number Answered
Your Score History
You have not taken this quiz since the last reset